000 00449nam a2200181Ia 4500
001 17513
003 IN-NITTTR
005 20251114233206.0
008 251113s9999||||xx |||||||||||||| ||eng||
040 _beng
040 _cIN-NITTTR
041 _aeng
082 _a039.9143 12E
245 0 _aDefinitional dictionary of electronics (illustrated) /
_cJain,Gian Chand, ed by
700 _a ed by,
700 _aJain, Gian Chand
942 _2ddc
_cBK
999 _c20147
_d20147